Statistics for Country by Borders

Click here to take the quiz!

General Stats

  • This quiz has been taken 461 times
  • The average score is 15 of 15

Answer Stats

HintAnswer% Correct
Russia, Norway, SwedenFinland
99%
Russia, ChinaMongolia
99%
China, South Korea, RussiaNorth Korea
99%
Portugal, France, AndorraSpain
99%
Canada, MexicoUnited States of America
99%
Argentina, Bolivia, PeruChile
98%
Argentina, Brazil, BoliviaParaguay
98%
Dominican RepublicHaiti
97%
Lithuania, Russia, Estonia, BelarusLatvia
97%
China, Laos, CambodiaVietnam
97%
Algeria, LibyaTunisia
96%
GermanyDenmark
95%
Brazil, Guyana, ColombiaVenezuela
95%
Nicaragua, Guatemala, El SalvadorHonduras
94%
Thailand, Indonesia, BruneiMalaysia
94%

Score Distribution

Percentile by Number Answered

Percent of People with Each Score

Your Score History

You have not taken this quiz